Normal view MARC view
  • Tıbbi ekonomi

Entry Topical Term

Number of records used in: 1

001 - CONTROL NUMBER

  • control field: 114006

003 - CONTROL NUMBER IDENTIFIER

  • control field: TR-AnTOB

005 - DATE AND TIME OF LATEST TRANSACTION

  • control field: 20240822103528.0

008 - FIXED-LENGTH DATA ELEMENTS

  • fixed length control field: 170101n|eacannaab| |a aaa

040 ## - CATALOGING SOURCE

  • Original cataloging agency: TR-AnTOB
  • Transcribing agency: TR-AnTOB
  • Language of cataloging: eng
  • Modifying agency: TR-AnTOB
  • Subject heading/thesaurus conventions: lcsh

150 #4 - HEADING--TOPICAL TERM

  • Topical term or geographic name entry element: Tıbbi ekonomi
  • Geographic subdivision: Türkiye
Devinim Yazılım Eğitim Danışmanlık tarafından Koha'nın orjinal sürümü uyarlanarak geliştirilip kurulmuştur.